ბათუმის შოთა რუსთაველის სახელმწიფო უნივერსიტეტის ბიბლიოთეკა

Сборник задач по теории вероятностей математической статистике и теории случаиных функции. (ბიბ.ჩანაწერი № 39306)

000 -LEADER
fixed length control field 00923nam a2200217Ia 4500
001 - CONTROL NUMBER
control field 5892
003 - CONTROL NUMBER IDENTIFIER
control field GE_BSU
008 - FIXED-LENGTH DATA ELEMENTS--GENERAL INFORMATION
fixed length control field 181216s||||||||xx |||||||||||||| ||und||
040 ## - CATALOGING SOURCE
Transcribing agency GE_BSU
080 ## - UNIVERSAL DECIMAL CLASSIFICATION NUMBER
Universal Decimal Classification number 519.2(075.8)
100 ## - MAIN ENTRY--PERSONAL NAME
Personal name Володин,Б.Г. Ганик,И.Я. Динер,И.Я. и др.
245 ## - TITLE STATEMENT
Title Сборник задач по теории вероятностей математической статистике и теории случаиных функции.
245 ## - TITLE STATEMENT
Statement of responsibility, etc. Под ред. А.А.Свешникова. Ред. И.Е.Морозова.
260 ## - PUBLICATION, DISTRIBUTION, ETC.
Place of publication, distribution, etc. М.
260 ## - PUBLICATION, DISTRIBUTION, ETC.
Name of publisher, distributor, etc. Наука.
260 ## - PUBLICATION, DISTRIBUTION, ETC.
Date of publication, distribution, etc. 1970.
300 ## - PHYSICAL DESCRIPTION
Extent 655 стр. с илл. 20 см. Библиогр.
300 ## - PHYSICAL DESCRIPTION
Accompanying material Табл.
653 ## - INDEX TERM--UNCONTROLLED
Uncontrolled term Сборник задач по теории вероятностей математической статистике и теории случаиных функции.
942 ## - ADDED ENTRY ELEMENTS (KOHA)
Koha item type წიგნი
ეგზემპლარები
Withdrawn status Lost status Damaged status Not for loan Date acquired Barcode Date last seen Price effective from Koha item type
        2018-12-17 10143 2018-12-17 2018-12-17 წიგნი